000 00590nam a2200229Ia 4500
003 OSt
005 20220918191053.0
006 a|||||r|||| 00| 0
007 ta
008 220917b |||||||| |||| 00| 0 eng d
024 _a61,270
037 _cTextual
040 _aARTS
_cARTS
_beng
041 _2eng
_aeng
082 _aQ60aW, M2
100 _aCobb John B
_974804
245 0 _aProcess theology as political theology
260 _aManchester
_bUniv Press
_c1982
650 _aRELIGION
942 _hQ60aW, M2
_cTEXL
_2CC
999 _c188132
_d188132